000
00272nam a22001337a 4500
008
170713b xxu||||| |||| 00| 0 eng d
020
_a
0521316391
041
_a
eng
080
_a
101
100
_a
24
101
_a
FIL
245
_a
EMOTION
_c
LYONS, W
942
_2
udc
_c
BK
999
_c
20485
_d
20485